An Introduction to the Law and Economics of Environmental Policy Issues in Institutional Design /

Bibliographic Details
Main Author: Swanson, Timothy
Format: eBook
Language:English
Published: Bingley: Emerald Group Publishing Limited, 2002
Subjects:
Online Access:Acceso restringido

MARC

LEADER 00000nam a22000007a 4500
005 2021021705335.0
007 cr|||| ||||
008 210217s2002 gb |||||s|||| 00||0 eng d
020 |a 978-0-76230-888-0 
035 |a 31972 
040 |a vLex 
090 |c 11171  |d 11171 
100 1 |a Swanson, Timothy 
245 1 2 |a An Introduction to the Law and Economics of Environmental Policy  |h [Recurso electrn̤ico] :  |b Issues in Institutional Design /  |c Timothy Swanson 
256 |a Servicio en ln̕ea 
260 |a Bingley:  |b Emerald Group Publishing Limited,  |c 2002 
300 |a 1 recurso electrn̤ico 
506 1 |a Disponible solo en los productos indicados  |d vLex Global  |d vLex Global (Academic Edition, excluding Law Schools)  |d vLex Global (U.S. Academic Edition, Law Schools)  |d vLex Global (U.S. Academic Edition, excluding Law Schools)  |d vLex Global (Academic Edition, Law Schools) 
650 0 4 |a Derecho del Medio Ambiente  |z Reino Unido 
650 0 4 |a Economa̕ y negocios  |z Reino Unido 
740 0 |a vLex Libros (Servicio en ln̕ea) 
856 4 0 |u http://vlex.com/source/31972  |z Acceso restringido 
942 |c BOOK 
999 0 |a Environmental Law 
999 0 |a Economy and business